[Event "World Corporate West A"]
[Site "chess.com INT"]
[Date "2021.02.21"]
[Round "4.2"]
[White "Burtasova, A."]
[Black "Quan Zhe"]
[Result "0-1"]
[WhiteElo "2261"]
[BlackElo "2432"]
[PlyCount "78"]
[EventDate "2021.02.20"]
[EventType "team (rapid)"]
[EventRounds "7"]
[EventCountry "NET"]
[Source "Mark Crowther"]
[SourceDate "2021.02.22"]
[WhiteTeam "Farber Group"]
[BlackTeam "Goldman Sachs"]

1. e4 c5 2. c3 d5 3. exd5 Qxd5 4. d4 Nf6 5. Nf3 e6 6. Be3 cxd4 7. Qxd4 Nc6 8.
Qxd5 Nxd5 9. Bd2 Be7 10. g3 b6 11. Bg2 Bb7 12. O-O O-O 13. a3 Na5 14. Ne5 Rac8
15. Ra2 f6 16. Ng4 Ba6 17. Re1 Bc4 18. b3 Nxb3 19. Rb2 Nc5 20. Ne3 Nxe3 21.
Rxe3 Nd3 22. Rc2 Bc5 23. Re2 Bb3 24. Be3 Bxc2 25. Rxc2 Bxe3 26. fxe3 Ne1 27.
Re2 Nxg2 28. Kxg2 Rfd8 29. e4 Rd3 30. e5 fxe5 31. a4 Kf7 32. Kh3 Rc5 33. Nd2
Rcxc3 34. Ne4 Rc4 35. Ng5+ Ke7 36. Rxe5 Kf6 37. Rb5 Rd5 38. Nxh7+ Kf7 39. Rb3
Rh5+ 0-1

[Event "World Corporate West A"]
[Site "chess.com INT"]
[Date "2021.02.21"]
[Round "5.1"]
[White "Rambaldi, Francesco"]
[Black "Quan Zhe"]
[Result "0-1"]
[WhiteElo "2569"]
[BlackElo "2432"]
[PlyCount "86"]
[EventDate "2021.02.20"]
[EventType "team (rapid)"]
[EventRounds "7"]
[EventCountry "NET"]
[Source "Mark Crowther"]
[SourceDate "2021.02.22"]
[WhiteTeam "Microsoft Redmond"]
[BlackTeam "Goldman Sachs"]

1. Nf3 Nf6 2. g3 g6 3. b3 Bg7 4. Bb2 O-O 5. Bg2 c5 6. c4 Nc6 7. O-O b6 8. d4
cxd4 9. Nxd4 Bb7 10. Nc3 Rc8 11. Rc1 d6 12. Qd2 Qd7 13. Nc2 Ne5 14. e4 a6 15.
f4 Nc6 16. Ne3 e6 17. Rfd1 Rfd8 18. Qf2 Qe7 19. Ba3 Ne8 20. e5 Na5 21. Ne4 Bxe4
22. Bxe4 Qc7 23. exd6 Nxd6 24. Bf3 Nab7 25. Kg2 Nc5 26. Qc2 a5 27. Bb2 f5 28.
Bxg7 Qxg7 29. a3 g5 30. b4 axb4 31. axb4 Nce4 32. fxg5 Qxg5 33. Qe2 Qf6 34. Nf1
Ng5 35. c5 bxc5 36. bxc5 Nxf3 37. Qxf3 Ne4 38. Rxd8+ Rxd8 39. Rc2 Qd4 40. c6
Ng5 41. c7 Nxf3 42. cxd8=Q+ Qxd8 43. Kxf3 Qd1+ 0-1

[Event "World Corporate West A"]
[Site "chess.com INT"]
[Date "2021.02.21"]
[Round "6.1"]
[White "Quan Zhe"]
[Black "Sanchez Enriquez, O."]
[Result "0-1"]
[WhiteElo "2432"]
[BlackElo "2342"]
[PlyCount "74"]
[EventDate "2021.02.20"]
[EventType "team (rapid)"]
[EventRounds "7"]
[EventCountry "NET"]
[Source "Mark Crowther"]
[SourceDate "2021.02.22"]
[WhiteTeam "Goldman Sachs"]
[BlackTeam "Anahuac"]

1. d4 d5 2. Bg5 Nf6 3. Nd2 c5 4. e3 Nc6 5. c3 cxd4 6. exd4 h6 7. Bxf6 gxf6 8.
Ngf3 e5 9. dxe5 fxe5 10. Bb5 Bg7 11. Nb3 O-O 12. O-O a6 13. Be2 f5 14. g3 f4
15. Nh4 e4 16. Bg4 Ne5 17. Bxc8 Rxc8 18. Nd4 Qd7 19. Ne2 f3 20. Nf4 Rxf4 21.
gxf4 Qg4+ 22. Kh1 Nd3 23. Qb3 Qxh4 24. Qxd5+ Kh8 25. Qxe4 Nxf2+ 26. Rxf2 Qxf2
27. Rg1 Qe2 28. Qxe2 fxe2 29. Re1 Re8 30. Kg2 Kh7 31. Kf3 Kg6 32. Rxe2 Rxe2 33.
Kxe2 Kf5 34. Kf3 Bf8 35. b4 Bd6 36. a4 Bxf4 37. h3 Bd2 0-1